[Event "13th Norway Armageddon w"]
[Site "Stavanger NOR"]
[Date "2025.05.26"]
[Round "1.1"]
[White "Muzychuk, Anna"]
[Black "Khademalsharieh, Sarasadat"]
[Result "1-0"]
[WhiteTitle "GM"]
[BlackTitle "IM"]
[WhiteElo "2526"]
[BlackElo "2449"]
[WhiteFideId "14111330"]
[BlackFideId "12512214"]
[EventDate "2025.05.26"]

1. e4 e5 2. Nf3 Nc6 3. Bb5 a6 4. Ba4 Nf6 5. O-O Be7 6. Re1 b5 7. Bb3 O-O 8. c3
d5 9. exd5 Nxd5 10. Nxe5 Nxe5 11. Rxe5 Bb7 12. d4 Bf6 13. Re1 Re8 14. Bd2 Rxe1+
15. Qxe1 b4 16. cxb4 Bxd4 17. Nc3 Nxb4 18. Be3 Bxe3 19. Qxe3 Nd5 20. Qf3 c6 21.
Rd1 Rc8 22. g3 h6 23. Nxd5 cxd5 24. Bxd5 Bxd5 25. Rxd5 Qe7 26. Kg2 Rc2 27. Qd3
Qb7 28. Kh3 Rc8 29. Rd8+ Rxd8 30. Qxd8+ Kh7 31. Qd3+ g6 32. b3 h5 33. f3 Qc6 34.
Kg2 Kg7 35. Qd4+ Kh7 36. Qc4 Qf6 37. Qc2 Qd4 38. a3 h4 39. b4 Kg7 40. Qe2 Qf6
41. Kh3 hxg3 42. hxg3 Qf5+ 43. Kg2 Qf6 44. Qd2 Qe5 45. a4 Qa1 46. Qc2 Qa3 47. b5
axb5 48. axb5 Qb4 49. Qe2 g5 50. g4 Qc5 51. Qb2+ 1-0

[Event "13th Norway Armageddon w"]
[Site "Stavanger NOR"]
[Date "2025.05.26"]
[Round "1.3"]
[White "Lei, Tingjie"]
[Black "Ju, Wenjun"]
[Result "1-0"]
[WhiteTitle "GM"]
[BlackTitle "GM"]
[WhiteElo "2552"]
[BlackElo "2580"]
[WhiteFideId "8605114"]
[BlackFideId "8603006"]
[EventDate "2025.05.26"]

1. e4 e5 2. Nf3 Nf6 3. Nxe5 d6 4. Nf3 Nxe4 5. d4 d5 6. Bd3 Bf5 7. O-O Be7 8. Re1
O-O 9. Nbd2 Nd6 10. Nf1 Bg6 11. Ne5 Bxd3 12. Nxd3 Nd7 13. Bf4 Re8 14. c3 c6 15.
Qb3 b5 16. a4 a5 17. axb5 Nxb5 18. Ne3 Nb6 19. Qd1 Qc8 20. Qh5 Bf8 21. Nf5 Re6
22. g3 a4 23. Nc5 Rxe1+ 24. Rxe1 Ra7 25. Be5 f6 26. Bxf6 Rf7 27. Ne7+ Bxe7 28.
Bxe7 Qe8 29. Nd3 Nc4 30. Bb4 Qc8 31. Qe2 h6 32. Qe8+ Qxe8 33. Rxe8+ Kh7 34. Kg2
g5 35. Re6 Rc7 36. h4 gxh4 37. gxh4 a3 38. bxa3 Nbxa3 39. h5 Nb5 40. Nf4 Nd2 41.
Ng6 Ne4 42. Nf8+ Kg7 43. Rg6+ Kf7 44. Rxh6 Nf6 45. Ng6 Kg7 46. Rh8 Nxh5 47. Rxh5
Kxg6 48. Re5 Kf6 49. f4 Rc8 50. Kf3 Rh8 51. Ke2 Rh3 52. Kd2 Rf3 53. Rh5 Kg6 54.
Rh4 Kf5 55. Rh6 Rxf4 56. Rxc6 Rf2+ 57. Ke3 Rh2 58. Rc5 Rh3+ 59. Kd2 Rh2+ 60. Kd3
Rh3+ 61. Kc2 Na7 62. Rxd5+ Ke6 63. Rd6+ Kf5 64. Kb3 Nc8 65. Rc6 Rh8 66. d5 Na7
67. Rc5 Ke5 68. d6+ Ke6 69. Rc7 Nb5 70. Re7+ Kd5 71. c4+ Kc6 72. cxb5+ Kxb5 73.
Re5+ Kc6 74. Rc5+ Kd7 75. Rc7+ Ke6 76. Bc5 Rd8 77. Kc4 Rb8 78. Re7+ Kf5 79. Re1
Kf6 80. Kd5 Rb3 81. Bd4+ Kf7 82. Rf1+ Ke8 83. Ke6 Rb6 84. Rh1 1-0

[Event "13th Norway Armageddon w"]
[Site "Stavanger NOR"]
[Date "2025.05.27"]
[Round "2.1"]
[White "Khademalsharieh, Sarasadat"]
[Black "Ju, Wenjun"]
[Result "0-1"]
[WhiteTitle "IM"]
[BlackTitle "GM"]
[WhiteElo "2449"]
[BlackElo "2580"]
[WhiteFideId "12512214"]
[BlackFideId "8603006"]
[EventDate "2025.05.26"]

1. Nf3 d5 2. c4 e6 3. g3 Nf6 4. Bg2 Be7 5. O-O O-O 6. b3 c5 7. Bb2 Nc6 8. d3 d4
9. Na3 e5 10. Nc2 Bf5 11. a3 a5 12. Nfe1 e4 13. dxe4 Bxe4 14. Nd3 Bxg2 15. Kxg2
Qd7 16. Nce1 Rfe8 17. Nf3 Rad8 18. Qc2 Bd6 19. Rad1 h6 20. b4 axb4 21. axb4 cxb4
22. Nxd4 Nxd4 23. Bxd4 Qc6+ 24. f3 b3 25. Qb2 Ba3 26. Qxa3 Rxd4 27. Qxb3 Rxe2+
28. Nf2 Qxc4 29. Qb1 Rxd1 30. Rxd1 Qc2 31. Rd8+ Kh7 32. Qb6 Qc6 33. Qd4 Qc2 34.
h4 b5 35. g4 Qc4 36. Qa7 Qf4 37. Qa8 Nxg4 38. Rh8+ Kg6 39. h5+ Kg5 40. Qd8+ Nf6
41. Rg8 Kxh5 42. Rxg7 Qh4 43. Rg3 Rxf2+ 0-1

[Event "13th Norway Armageddon w"]
[Site "Stavanger NOR"]
[Date "2025.05.27"]
[Round "2.2"]
[White "Vaishali, Rameshbabu"]
[Black "Lei, Tingjie"]
[Result "1/2-1/2"]
[WhiteTitle "GM"]
[BlackTitle "GM"]
[WhiteElo "2475"]
[BlackElo "2552"]
[WhiteFideId "5091756"]
[BlackFideId "8605114"]
[EventDate "2025.05.26"]

1. e4 e5 2. Nf3 Nf6 3. Nxe5 d6 4. Nf3 Nxe4 5. Nc3 Nxc3 6. dxc3 Be7 7. Bf4 Nc6 8.
Qd2 Bf5 9. O-O-O Qd7 10. Bb5 a6 11. Bxc6 bxc6 12. Rhe1 O-O 13. Nd4 Bg6 14. Nxc6
Qxc6 15. Rxe7 Rfe8 16. Rde1 Rxe7 17. Rxe7 Qxg2 18. b3 Qc6 19. Kb2 h6 20. Qe2 a5
21. c4 a4 22. Bd2 a3+ 23. Kb1 d5 24. Qf3 Rd8 25. Bc1 Qd6 26. Re2 dxc4 27. Rd2
Qe7 28. Qe3 Qf6 29. Rxd8+ Qxd8 30. bxc4 Qd1 31. Qd2 Qf1 32. Qd4 Qe2 33. Qc3 Qd1
34. Qd2 Qf1 35. Qd4 Qe2 36. Qc3 Qd1 37. Qd2 1/2-1/2

[Event "13th Norway Armageddon w"]
[Site "Stavanger NOR"]
[Date "2025.05.28"]
[Round "3.2"]
[White "Lei, Tingjie"]
[Black "Muzychuk, Anna"]
[Result "1/2-1/2"]
[WhiteTitle "GM"]
[BlackTitle "GM"]
[WhiteElo "2552"]
[BlackElo "2526"]
[WhiteFideId "8605114"]
[BlackFideId "14111330"]
[EventDate "2025.05.26"]

1. e4 c5 2. Nf3 Nc6 3. Bb5 e6 4. O-O Nge7 5. Re1 a6 6. Bf1 d5 7. d3 g6 8. exd5
Nxd5 9. d4 cxd4 10. Nxd4 Nde7 11. Be3 Bg7 12. Nxc6 Qxd1 13. Rxd1 Nxc6 14. c3 O-O
15. Nd2 b5 16. Ne4 e5 17. a4 Bf5 18. axb5 axb5 19. Nd6 b4 20. Bb5 Rxa1 21. Rxa1
bxc3 22. bxc3 Bd7 23. c4 e4 24. Rd1 Bg4 25. Rc1 Nd4 26. Bxd4 Bxd4 27. Nxe4 Rc8
28. h3 Be6 29. Rd1 Ba7 30. Nf6+ Kg7 31. Nd5 Bc5 32. Nf4 Bf5 33. Rd2 h5 34. Rd5
h4 35. Bd7 Bxd7 36. Rxd7 Bb6 37. Rb7 Rxc4 38. Ne6+ Kf6 39. Rxb6 fxe6 40. Rb8 g5
41. Rf8+ Kg7 42. Rf3 Kg6 43. Re3 Kf6 44. g4 Ra4 45. Kg2 Rb4 46. Rf3+ Kg6 47. Rf8
Ra4 48. Rc8 Rb4 49. Re8 Kf7 50. Rh8 Kf6 51. Rf8+ Kg7 52. Rf3 Kg6 53. Re3 Kf6 54.
Kf3 Rf4+ 55. Ke2 Ra4 56. Rd3 Ra2+ 57. Ke3 Ra4 58. Rd4 Ra3+ 59. Rd3 Ra1 60. f4
Rg1 61. fxg5+ Kxg5 62. Ke4 Rg3 63. Re3 Rg1 64. Ke5 Rg3 65. Ke4 Rg1 66. Rf3 Rg3
67. Ke3 Rg1 68. Kf2 Ra1 69. Rf8 Ra2+ 70. Kf3 Ra3+ 71. Kg2 Ra2+ 72. Kg1 Ra1+ 73.
Kf2 Ra2+ 74. Kg1 Ra1+ 1/2-1/2

[Event "13th Norway Armageddon w"]
[Site "Stavanger NOR"]
[Date "2025.05.28"]
[Round "3.3"]
[White "Ju, Wenjun"]
[Black "Vaishali, Rameshbabu"]
[Result "1-0"]
[WhiteTitle "GM"]
[BlackTitle "GM"]
[WhiteElo "2580"]
[BlackElo "2475"]
[WhiteFideId "8603006"]
[BlackFideId "5091756"]
[EventDate "2025.05.26"]

1. e4 e6 2. d4 d5 3. exd5 exd5 4. Nf3 Nc6 5. Nc3 a6 6. Bd3 Nb4 7. O-O Bd6 8. Be2
Bf5 9. a3 Nc6 10. Nxd5 Bxh2+ 11. Kxh2 Qxd5 12. c4 Qd6+ 13. Kg1 O-O-O 14. d5 Ne5
15. Qd4 Nxf3+ 16. Bxf3 Nf6 17. Bf4 Qb6 18. c5 Qb3 19. Qe5 1-0

[Event "13th Norway Armageddon w"]
[Site "Stavanger NOR"]
[Date "2025.05.29"]
[Round "4.2"]
[White "Ju, Wenjun"]
[Black "Koneru, Humpy"]
[Result "1-0"]
[WhiteTitle "GM"]
[BlackTitle "GM"]
[WhiteElo "2580"]
[BlackElo "2543"]
[WhiteFideId "8603006"]
[BlackFideId "5008123"]
[EventDate "2025.05.26"]

1. Nf3 Nf6 2. c4 e6 3. b3 d5 4. Bb2 b6 5. g3 Bb7 6. Bg2 Be7 7. O-O O-O 8. d3 c5
9. e3 Nc6 10. Qe2 Qc7 11. Nc3 Rfd8 12. Rfd1 Rac8 13. Rac1 Qb8 14. cxd5 Nxd5 15.
Nxd5 Rxd5 16. Nd2 Rdd8 17. Qg4 Bf8 18. Ne4 e5 19. f4 Be7 20. Rf1 Qc7 21. Rcd1 f6
22. Qh5 exf4 23. Bh3 Ne5 24. gxf4 Nxd3 25. Be6+ Kh8 26. Bf5 g6 27. Bxg6 Bf8 28.
Bxf6+ Kg8 29. Ng5 1-0

[Event "13th Norway Armageddon w"]
[Site "Stavanger NOR"]
[Date "2025.05.29"]
[Round "4.3"]
[White "Vaishali, Rameshbabu"]
[Black "Muzychuk, Anna"]
[Result "1-0"]
[WhiteTitle "GM"]
[BlackTitle "GM"]
[WhiteElo "2475"]
[BlackElo "2526"]
[WhiteFideId "5091756"]
[BlackFideId "14111330"]
[EventDate "2025.05.26"]

1. d4 d5 2. c4 e6 3. Nf3 Nf6 4. g3 dxc4 5. Bg2 c5 6. O-O Nc6 7. Ne5 Bd7 8. Na3
cxd4 9. Naxc4 Be7 10. Qb3 Qc7 11. Nxc6 Bxc6 12. Bf4 Qd8 13. Bxc6+ bxc6 14. Ne5
c5 15. Qa4+ Kf8 16. Rfd1 Qd5 17. Nf3 h6 18. Rac1 g5 19. Bc7 Kg7 20. b4 Rhc8 21.
Be5 g4 22. Bxf6+ Bxf6 23. Ne1 cxb4 24. Nd3 a5 25. Nf4 Qf5 26. Qd7 Rd8 27. Qb7
Bg5 28. Rc5 e5 29. Nd3 Re8 30. Rc7 Rac8 31. Rd7 Rc2 32. Qb5 Rxa2 33. Rxd4 Re6
34. Rd5 Qf6 35. Nc5 Re7 36. Ne4 Qf5 37. Nd6 Qc2 38. Re1 Qc3 39. Kf1 Ra1 40. Rxa1
Qxa1+ 41. Kg2 Qb1 42. Rd3 Re6 43. Nf5+ Kg6 44. Nd6 Qa2 45. Qb7 Qxe2 46. Qxf7# 1-0

[Event "13th Norway Armageddon w"]
[Site "Stavanger NOR"]
[Date "2025.05.31"]
[Round "5.2"]
[White "Muzychuk, Anna"]
[Black "Ju, Wenjun"]
[Result "1/2-1/2"]
[WhiteTitle "GM"]
[BlackTitle "GM"]
[WhiteElo "2526"]
[BlackElo "2580"]
[WhiteFideId "14111330"]
[BlackFideId "8603006"]
[EventDate "2025.05.26"]

1. e4 e5 2. Nf3 Nc6 3. Bb5 Nf6 4. d3 Bc5 5. c3 O-O 6. O-O d5 7. exd5 Qxd5 8. Bc4
Qd8 9. Nbd2 h6 10. b4 Bd6 11. Ne4 Nxe4 12. dxe4 a5 13. b5 Nb8 14. Be3 Nd7 15. h3
Re8 16. Nd2 Nc5 17. Nb3 Ne6 18. a4 Nf4 19. Qf3 Qf6 20. Kh2 Be6 21. Bxe6 Qxe6 22.
Nd2 Rad8 23. Qg4 Qxg4 24. hxg4 b6 25. Nc4 Nd3 26. Rfd1 Bc5 27. Ra2 Bxe3 28. Nxe3
Nc5 29. Rxd8 Rxd8 30. f3 f6 31. Nd5 Rd7 32. Kg3 Kf7 33. Kf2 Ke6 34. Ke3 Kf7 35.
g3 Ne6 36. f4 Nc5 37. c4 Ke6 38. Ra1 Nb3 39. Ra3 Nc5 40. Ra2 Nb3 41. Kf3 Nc5 42.
Ra3 Kf7 43. Ke3 Ke6 44. Ra1 Nb3 45. Ra2 Nc5 46. Ra3 Kf7 47. Kf3 Ke6 48. Ke3 Kf7
49. Kf3 Ke6 50. Ke3 1/2-1/2

[Event "13th Norway Armageddon w"]
[Site "Stavanger NOR"]
[Date "2025.05.31"]
[Round "5.3"]
[White "Koneru, Humpy"]
[Black "Lei, Tingjie"]
[Result "1-0"]
[WhiteTitle "GM"]
[BlackTitle "GM"]
[WhiteElo "2543"]
[BlackElo "2552"]
[WhiteFideId "5008123"]
[BlackFideId "8605114"]
[EventDate "2025.05.26"]

1. Nf3 Nf6 2. c4 c6 3. Nc3 d5 4. e3 g6 5. d4 Bg7 6. Be2 O-O 7. O-O dxc4 8. Bxc4
Bg4 9. h3 Bxf3 10. Qxf3 Nbd7 11. Rd1 e5 12. d5 e4 13. Qe2 cxd5 14. Nxd5 Ne5 15.
Nxf6+ Qxf6 16. Bd5 Qf5 17. Bxb7 Rab8 18. Ba6 g5 19. Qf1 g4 20. hxg4 Nxg4 21. Be2
Rb6 22. f3 Ne5 23. fxe4 Qxe4 24. Rd4 Qg6 25. Rf4 Rd8 26. a4 a5 27. Ra3 Bh6 28.
Rf5 Bg7 29. Rc3 Re6 30. Rc5 Bh6 31. Rcxe5 Rxe5 32. Rxe5 Qc2 33. b3 Qc3 34. Rf5
Bxe3+ 35. Bxe3 Qxe3+ 36. Qf2 Qxb3 37. Rg5+ Kf8 38. Qc5+ 1-0

[Event "13th Norway Armageddon w"]
[Site "Stavanger NOR"]
[Date "2025.06.01"]
[Round "6.1"]
[White "Khademalsharieh, Sarasadat"]
[Black "Muzychuk, Anna"]
[Result "1/2-1/2"]
[WhiteTitle "IM"]
[BlackTitle "GM"]
[WhiteElo "2449"]
[BlackElo "2526"]
[WhiteFideId "12512214"]
[BlackFideId "14111330"]
[EventDate "2025.05.26"]

1. d4 d5 2. Nf3 Nf6 3. c4 e6 4. Nc3 c6 5. e3 Nbd7 6. Be2 Bd6 7. O-O O-O 8. b3 b6
9. Bb2 Bb7 10. Qc2 Rc8 11. e4 Nxe4 12. Nxe4 dxe4 13. Qxe4 Nf6 14. Qh4 c5 15.
Rad1 Ne4 16. Qh3 Qe7 17. Bd3 f5 18. dxc5 Bxc5 19. Nd4 Rcd8 20. Bxe4 Bxe4 21. Qg3
e5 22. Nf3 f4 23. Qg5 Bxf3 24. Qxe7 Bxe7 25. gxf3 Bf6 26. Rfe1 Kf7 27. Kf1 Ke6
28. Ke2 Kf5 29. Rxd8 Rxd8 30. b4 Rc8 31. Rc1 Be7 32. a3 a5 33. bxa5 bxa5 34. Kd3
Rd8+ 35. Kc2 Rc8 36. Kb3 Rb8+ 37. Ka2 Bc5 38. Rd1 Bxf2 39. Rd5 Re8 40. c5 g5 41.
h3 h5 42. c6 Bb6 43. Rb5 Bc7 44. Bc3 a4 45. Rb7 Rc8 46. Ra7 g4 47. hxg4+ hxg4
48. fxg4+ Kxg4 49. Rxa4 Kf3 50. Ba5 Bxa5 51. Rxa5 Rxc6 52. Rxe5 Kg2 53. Rg5+ Kh2
54. Rh5+ Kg3 55. Rg5+ 1/2-1/2

[Event "13th Norway Armageddon w"]
[Site "Stavanger NOR"]
[Date "2025.06.01"]
[Round "6.2"]
[White "Vaishali, Rameshbabu"]
[Black "Koneru, Humpy"]
[Result "1-0"]
[WhiteTitle "GM"]
[BlackTitle "GM"]
[WhiteElo "2475"]
[BlackElo "2543"]
[WhiteFideId "5091756"]
[BlackFideId "5008123"]
[EventDate "2025.05.26"]

1. d4 Nf6 2. c4 e6 3. g3 d5 4. Bg2 Be7 5. Nf3 O-O 6. Qc2 c5 7. dxc5 Qa5+ 8. Nc3
dxc4 9. O-O Nc6 10. Ne4 Nxe4 11. Qxe4 Qxc5 12. Be3 Qd5 13. Qc2 Qb5 14. Rac1 e5
15. Qxc4 Qxc4 16. Rxc4 Be6 17. Rxc6 bxc6 18. Nxe5 Bf6 19. Nxc6 Bxa2 20. Rc1 a5
21. Rc5 Be6 22. Nxa5 Rab8 23. b3 Bxb3 24. Nxb3 Rxb3 25. Bd5 Rc3 26. Rb5 Rc7 27.
Bf4 Rc2 28. Kf1 g5 29. Be4 Rb2 30. Rxb2 Bxb2 31. Bxg5 Re8 32. Bd3 Kg7 33. Kg2 h6
34. Bd2 Ra8 35. f4 Bd4 36. Kf3 Ra2 37. Bb4 Rb2 38. Bd6 Rb6 39. Bc7 Rb7 40. Ba5
Ra7 41. Bb4 Rb7 42. Be1 Rb1 43. Bxb1 1-0

[Event "13th Norway Armageddon w"]
[Site "Stavanger NOR"]
[Date "2025.06.01"]
[Round "6.3"]
[White "Ju, Wenjun"]
[Black "Lei, Tingjie"]
[Result "1-0"]
[WhiteTitle "GM"]
[BlackTitle "GM"]
[WhiteElo "2580"]
[BlackElo "2552"]
[WhiteFideId "8603006"]
[BlackFideId "8605114"]
[EventDate "2025.05.26"]

1. e4 e5 2. Nf3 Nc6 3. Bc4 Nf6 4. d3 Be7 5. O-O O-O 6. Re1 d6 7. a3 Be6 8. Bxe6
fxe6 9. b4 b5 10. c3 h6 11. Nbd2 a5 12. Bb2 axb4 13. axb4 Qd7 14. Qb3 Rfe8 15.
d4 exd4 16. cxd4 d5 17. e5 Nh7 18. Bc3 Rf8 19. Reb1 Ng5 20. h3 Nxf3+ 21. Nxf3
Rae8 22. Qc2 Rf4 23. Qd3 Nd8 24. Bd2 Rf5 25. Rc1 c6 26. Ne1 Ref8 27. f3 Bh4 28.
Nc2 Qf7 29. Qe2 Bg5 30. Ra8 Bxd2 31. Qxd2 Qg6 32. Kh2 h5 33. Ne3 Rf4 34. Nxd5
exd5 35. Rxd8 Rxf3 36. Rxf8+ Rxf8 37. Rc3 h4 38. Qe1 Qg5 39. e6 Qf4+ 40. Kh1 Qd6
41. e7 Re8 42. Re3 Kf7 43. Qf2+ Kg8 44. Qxh4 Qxb4 45. Qg5 Qd6 46. h4 b4 47. h5
b3 48. Rxb3 Qxe7 49. Qg4 Qe1+ 50. Kh2 Qe6 51. Qg5 Qf6 52. Qxf6 gxf6 53. Rc3 Re6
54. g4 Kg7 55. Kg3 Kh6 56. Kf4 Re4+ 57. Kf5 Rxd4 58. Rxc6 Rd1 59. Rxf6+ Kg7 60.
Rg6+ Kf7 61. Rd6 d4 62. h6 Rf1+ 63. Kg5 Rd1 64. Rd7+ Ke6 65. h7 Rh1 66. Ra7 d3
67. Ra6+ Ke5 68. Ra5+ Ke4 69. Ra4+ Ke3 70. Ra7 d2 71. Re7+ Kd3 72. Rd7+ Ke3 73.
Kg6 d1=Q 74. Rxd1 Rxd1 75. h8=Q 1-0

[Event "13th Norway Armageddon w"]
[Site "Stavanger NOR"]
[Date "2025.06.02"]
[Round "7.3"]
[White "Koneru, Humpy"]
[Black "Muzychuk, Anna"]
[Result "1/2-1/2"]
[WhiteTitle "GM"]
[BlackTitle "GM"]
[WhiteElo "2543"]
[BlackElo "2526"]
[WhiteFideId "5008123"]
[BlackFideId "14111330"]
[EventDate "2025.05.26"]

1. d4 Nf6 2. c4 g6 3. f3 d5 4. cxd5 Nxd5 5. e4 Nb6 6. Nc3 Bg7 7. Be3 O-O 8. Qd2
Nc6 9. O-O-O f5 10. Nh3 fxe4 11. fxe4 Bg4 12. Be2 Bxe2 13. Nxe2 Nc4 14. Qc3 Nxe3
15. Qxe3 e5 16. Ng5 Bh6 17. h4 Nxd4 18. Nxd4 exd4 19. Rxd4 Qe7 20. Kb1 c5 21.
Rd5 Rae8 22. Re1 b6 23. Qb3 Bxg5 24. Rxc5+ Qe6 25. Rxg5 Qxb3 26. axb3 Rf4 27. h5
Kg7 28. hxg6 h6 29. Rd5 Rfxe4 30. Rd7+ Kxg6 31. Rxe4 Rxe4 32. Rxa7 Rg4 33. Rb7
Rxg2 34. Rxb6+ Kg5 35. b4 h5 36. Rb8 Rf2 37. Ka2 h4 38. Rh8 Kg4 39. Ka3 h3 40.
b5 Kg3 41. b4 h2 42. b6 Rf6 43. Rxh2 Kxh2 44. b7 Rb6 45. Ka4 Rxb7 46. b5 Rxb5 1/2-1/2

[Event "13th Norway Armageddon w"]
[Site "Stavanger NOR"]
[Date "2025.06.03"]
[Round "8.2"]
[White "Muzychuk, Anna"]
[Black "Lei, Tingjie"]
[Result "1-0"]
[WhiteTitle "GM"]
[BlackTitle "GM"]
[WhiteElo "2526"]
[BlackElo "2552"]
[WhiteFideId "14111330"]
[BlackFideId "8605114"]
[EventDate "2025.05.26"]

1. e4 e5 2. Nf3 Nc6 3. Bb5 a6 4. Ba4 Nf6 5. O-O Nxe4 6. d4 Be7 7. Re1 b5 8. Bb3
d5 9. dxe5 Be6 10. c3 O-O 11. Nbd2 Nc5 12. Nd4 Nxd4 13. cxd4 Nd3 14. Re3 Nxc1
15. Rxc1 a5 16. Rec3 g6 17. Nf3 a4 18. Bc2 a3 19. b3 c5 20. dxc5 b4 21. Rd3 Bxc5
22. Qd2 Rc8 23. Qh6 Be7 24. Rdd1 Rc3 25. h4 Rxf3 26. gxf3 Bxh4 27. f4 f5 28. Kg2
Rf7 29. Bd3 Be7 30. Rc6 Bd7 31. e6 Bxc6 32. exf7+ Kxf7 33. Qxh7+ Kf6 34. f3 Qd6
35. Qh8+ Kf7 36. Rh1 Ke6 37. Qc8+ Kf6 38. Rh7 Qxf4 39. Qxc6+ Bd6 40. Be2 Qg3+
41. Kf1 Kg5 42. Rh1 Bf4 43. Rg1 1-0

[Event "13th Norway Armageddon w"]
[Site "Stavanger NOR"]
[Date "2025.06.03"]
[Round "8.3"]
[White "Vaishali, Rameshbabu"]
[Black "Ju, Wenjun"]
[Result "1-0"]
[WhiteTitle "GM"]
[BlackTitle "GM"]
[WhiteElo "2475"]
[BlackElo "2580"]
[WhiteFideId "5091756"]
[BlackFideId "8603006"]
[EventDate "2025.05.26"]

1. e4 e5 2. Nf3 Nc6 3. Bb5 Nf6 4. O-O Nxe4 5. Re1 Nd6 6. Nxe5 Be7 7. Bf1 Nxe5 8.
Rxe5 O-O 9. d4 Bf6 10. Re1 Nf5 11. c3 d5 12. a4 a5 13. Bf4 c6 14. Nd2 Nh4 15.
Bg3 Nf5 16. Be5 Bxe5 17. dxe5 Bd7 18. Bd3 Qg5 19. Nf3 Qh6 20. Qb3 Rfb8 21. Qb6
Nh4 22. Nxh4 Qxh4 23. Re3 Be6 24. h3 Qd8 25. Qd4 Qe7 26. Rg3 c5 27. Qf4 c4 28.
Qh6 g6 29. Bc2 b5 30. f4 Qf8 31. Qh4 Qd8 32. Rg5 bxa4 33. f5 Rxb2 34. fxe6 Rxc2
35. exf7+ Kg7 36. Rf1 Qe7 37. Rxg6+ 1-0

[Event "13th Norway Armageddon w"]
[Site "Stavanger NOR"]
[Date "2025.06.06"]
[Round "10.2"]
[White "Koneru, Humpy"]
[Black "Ju, Wenjun"]
[Result "1-0"]
[WhiteTitle "GM"]
[BlackTitle "GM"]
[WhiteElo "2543"]
[BlackElo "2580"]
[WhiteFideId "5008123"]
[BlackFideId "8603006"]
[EventDate "2025.05.26"]

1. d4 Nf6 2. Bg5 d5 3. Nd2 g6 4. e3 Bg7 5. Bd3 Nbd7 6. f4 c5 7. c3 Qb6 8. Rb1
Qe6 9. Qf3 cxd4 10. cxd4 Nb6 11. h3 O-O 12. Ne2 Bd7 13. b3 a6 14. a4 Rac8 15. f5
Qd6 16. O-O Bc6 17. Bf4 Qb4 18. Rbd1 Ne4 19. Nxe4 dxe4 20. Bxe4 Qxb3 21. Rb1
Bxe4 22. Qxe4 Qd5 23. Qxe7 Rfe8 24. Qb4 Nc4 25. fxg6 fxg6 26. Nc3 Qd7 27. Rfe1
b6 28. Rbd1 Kh8 29. Kh1 h6 30. e4 Bf8 31. Qb3 g5 32. Bh2 g4 33. hxg4 Qxg4 34.
Nd5 Bg7 35. e5 Rc6 36. Nf6 Bxf6 37. exf6 Rf8 38. Rf1 Na5 39. Qd5 Kh7 40. Be5 1-0

[Event "13th Norway Armageddon w"]
[Site "Stavanger NOR"]
[Date "2025.06.06"]
[Round "10.3"]
[White "Muzychuk, Anna"]
[Black "Vaishali, Rameshbabu"]
[Result "1/2-1/2"]
[WhiteTitle "GM"]
[BlackTitle "GM"]
[WhiteElo "2526"]
[BlackElo "2475"]
[WhiteFideId "14111330"]
[BlackFideId "5091756"]
[EventDate "2025.05.26"]

1. e4 e5 2. Nf3 Nc6 3. Bb5 a6 4. Bxc6 dxc6 5. Nc3 f6 6. d4 exd4 7. Qxd4 Qxd4 8.
Nxd4 Bb4 9. Bf4 Bd6 10. Nde2 Bxf4 11. Nxf4 Ne7 12. h4 h5 13. f3 Kf7 14. O-O-O
Be6 15. Nce2 Ng6 16. Nxg6 Kxg6 17. Nf4+ Kf7 18. Rd3 Rae8 19. Kd2 Rd8 20. Rxd8
Rxd8+ 21. Ke3 g6 22. Nxe6 Kxe6 23. g4 hxg4 24. fxg4 Rh8 25. h5 g5 26. Rd1 b6 27.
a4 a5 28. c4 c5 29. Rd5 Rg8 30. Rf5 Rg7 31. e5 fxe5 32. Ke4 Rg8 33. Rxe5+ Kf6
34. Rf5+ Ke6 35. Rd5 c6 36. Rf5 Rg7 37. Rf8 Rd7 38. h6 Rh7 39. Rc8 Kd7 40. Rg8
Rxh6 41. Kf5 Rh2 42. Rxg5 Rxb2 43. Rg7+ Kd6 44. Rg6+ Kd7 45. g5 b5 46. cxb5 cxb5
47. axb5 Rxb5 48. Rg7+ Kd6 49. Kf6 Rb1 50. Ra7 Kd5 51. Rxa5 Rf1+ 52. Kg7 Kd4 53.
g6 Rg1 54. Kf7 c4 55. g7 c3 56. Ra4+ Kd3 57. Ra3 Kd2 58. Rxc3 Kxc3 1/2-1/2